[Event "SVK-chT3B2 1819"]
[Site "Slovakia"]
[Date "2019.01.27"]
[Round "6.6"]
[White "Sunal, Miroslav"]
[Black "Sokol, Eduard"]
[Result "1-0"]
[WhiteElo "1657"]
[BlackElo "1611"]
[PlyCount "111"]
[EventDate "2018.10.21"]
[EventType "team-tourn"]
[EventRounds "11"]
[EventCountry "SVK"]
[SourceTitle "CBM 189 Extra"]
[Source "ChessBase"]
[SourceDate "2019.06.03"]
[SourceVersion "1"]
[SourceVersionDate "2019.06.03"]
[SourceQuality "1"]
[WhiteTeam "Lehota pod Vtacnikom"]
[BlackTeam "Handlova"]
[WhiteTeamCountry "SVK"]
[BlackTeamCountry "SVK"]

1. e4 d5 2. exd5 Nf6 3. Nc3 Nxd5 4. Nxd5 Qxd5 5. Nf3 e5 6. d3 Nc6 7. Be2 Be7 8. 0-0 Be6 9. Bg5 f6 10. Bd2 0-0 11. a3 a5 12. c4 Qd7 13. Be3 Nd4 14. Bxd4 exd4 15. h3 Rad8 16. Re1 Rfe8 17. Bf1 Bf7 18. Qd2 Qf5 19. b4 b6 20. Re4 axb4 21. axb4 c5 22. b5 Bd6 23. Rxe8+ Rxe8 24. Ra6 Rb8 25. Qa2 Bh5 26. Nd2 Qf4 27. g3 Qe5 28. Ra8 Qe1 29. Rxb8+ Bxb8 30. Qa8 Qe8 31. Qb7 Qd8 32. Qd5+ Qxd5 33. cxd5 f5 34. Nc4 Bc7 35. d6 Bd8 36. Bg2 Be2 37. Ne5 Kf8 38. f4 g6 39. Kf2 Bd1 40. g4 Bh4+ 41. Kf1 Bc2 42. Ke2 Bd8 43. gxf5 gxf5 44. Bd5 Ba4 45. Bc6 Bb3 46. Bd7 Bf7 47. Bxf5 Bg6 48. Bxg6 hxg6 49. Kf3 Ke8 50. Ke4 Bf6 51. Nc4 Kd7 52. f5 g5 53. Kd5 Bd8 54. Ne5+ Ke8 55. Ke6 Kf8 56. f6 1-0

[Event "SVK-chT3B2 1819"]
[Site "Slovakia"]
[Date "2018.11.25"]
[Round "3.6"]
[White "Zdrazil, Patrik"]
[Black "Sunal, Miroslav"]
[Result "1/2-1/2"]
[WhiteElo "1559"]
[BlackElo "1657"]
[PlyCount "73"]
[EventDate "2018.10.21"]
[EventType "team-tourn"]
[EventRounds "11"]
[EventCountry "SVK"]
[SourceTitle "CBM 189 Extra"]
[Source "ChessBase"]
[SourceDate "2019.06.03"]
[SourceVersion "1"]
[SourceVersionDate "2019.06.03"]
[SourceQuality "1"]
[WhiteTeam "Povazske Podhradie "]
[BlackTeam "Lehota pod Vtacnikom"]
[WhiteTeamCountry "SVK"]
[BlackTeamCountry "SVK"]

1. e4 c5 2. Nf3 Nc6 3. d4 cxd4 4. Nxd4 e6 5. g3 Bc5 6. Nb3 Bb6 7. Bg2 Nge7 8. 0-0 Ng6 9. Nc3 a6 10. Qe2 Qe7 11. Be3 Bc7 12. Rad1 0-0 13. f4 d6 14. a4 Re8 15. Rd2 e5 16. Nd5 Qd8 17. f5 Nge7 18. Nxc7 Qxc7 19. Rfd1 b6 20. Rxd6 Nd4 21. R6xd4 exd4 22. Bf4 Qa7 23. e5 Bb7 24. Bxb7 Qxb7 25. Nxd4 Rad8 26. c3 b5 27. axb5 axb5 28. Re1 b4 29. Qb5 Qxb5 30. Nxb5 Nd5 31. Kf1 Nxf4 32. gxf4 Rb8 33. Nd6 Red8 34. c4 Rd7 35. Ra1 f6 36. b3 g5 37. c5 1/2-1/2